000 01462cam a2200421 a 4500
001 22233
003 VRT
005 20260323141852.0
008 240606s1994 xo g 0000f slo
015 _aSNBA1994/07
020 _a8021800496
035 _aSNK000018411
039 9 _a202408121428
_bAUTHORITY
_c202406131425
_dmsnk123
_c202406061420
_dVLOAD
_c202403181724
_dVLOAD
040 _aSNK
_bslo
_cSNK
_eAACR2
041 1 _aslo
_hswe
044 _axo
_cSK
072 7 _a821.11
_xGermánske literatúry
_2konspekt
080 _a839.7-3
_21981
080 _a821-311.1
_22011
080 _a821.113.6-31
_22011
100 1 _aScherer, Maria,
_d1943-
_4aut
240 1 0 _aMitt i hjärtat
_lSlovensky
245 1 0 _aCítim ťa v srdci
_cMária Scherer ; prel. Mária Bratová ; obál. Martin Klimo, Bruno Musil
250 _a1. vyd.
260 _aBratislava
_bDanubiapress
_c1994
_eBratislava
_fDanubiaprint
300 _a182 s.
_c20 cm
655 7 _apsychologické romány
_2SNKPH
655 7 _ašvédske romány
_2SNKPH
700 1 _aBratová, Mária,
_d1958-
_4trl
700 1 _aKlimo, Martin,
_d1954-
_4bjk
700 1 _aMusil, Bruno
_4bjk
942 _2ddc
_cKLDO
_n0
949 _617A0254901
_9P60, <05>, [BOOK], {605}
_asnkSC 86121 D1
949 _6270001000031536
_asvkbbA 87493
_bsvkbbm 588816
_p588.816
949 _6273K0200337
_asvkpoA 164316
_bsvkpo406307
_oPV 544/95
999 _c22233
_d22233